000 00775nam a2200265 i 4500
001 bg
100 1 _aBartolena, Simona.
245 0 _aManet /
_c[tekst Simona Bartolena ; tł. Hanna Cieśla].
260 _aWarszawa :
_bRzeczpospolita ;
_bHPS,
_c2006.
300 _a143 s. :
_bil. ;
_c26 cm.
490 1 _aKlasycy Sztuki ;
_v17
600 0 9 _aManet, Édouard
_d(1832-1883)
_xtwórczość
650 0 _aMalarstwo francuskie
_xhistoria
_y19 w.
700 1 9 _aCieśla, Hanna
_eTł.
830 _aKlasycy Sztuki ;
020 _a9788360529164
020 _a8360529167
040 _cBPK
041 1 _apol
_hita
080 _a75.071(44)"19"(084.11)A/Z
920 _a978-83-60529-16-4
920 _a83-60529-16-4
942 _cKS
008 s pl f |000 0 pol
999 _c53736
_d53736
856 _uhttp://koha.tu.koszalin.pl/cgi-bin/koha/opac-detail.pl?biblionumber=53736
_yKatalog online BPK